000 00383pab a2200157 454500
008 180718b1996 xxu||||| |||| 00| 0 eng d
100 _aSen, Sanker
245 _aHuman rights in the criminal justice system
260 _c1996
300 _ap.51-60
362 _aJan-Mar
650 _aHuman rights - India
650 _aHuman rights
773 _aPolice Journal
909 _a31071
999 _c31071
_d31071